| 000 | 00420nam a22001457a 4500 | ||
|---|---|---|---|
| 008 | 230612b |||||||| |||| 00| 0 eng d | ||
| 040 |
_aNational Science Library _cNational Science Library |
||
| 080 |
_aR 912 _bJ6 |
||
| 245 | _aStandard reference atlas | ||
| 260 |
_aLondon: _bGeorge Philip & Son Limited, _c1956 |
||
| 650 | _aGeography | ||
| 653 | _aAtlas | ||
| 700 | _aGoodall, George (Ed.) | ||
| 942 |
_2udc _cREF |
||
| 999 |
_c42491 _d42491 |
||